Una luz inesperada (Record no. 19400)

MARC details
000 -LEADER
campo de control de longitud fija 00857nam a2200277 i 4500
001 - NÚMERO DE CONTROL
campo de control 19400
003 - IDENTIFICADOR DE NÚMERO DE CONTROL
campo de control ES-MaACL
005 - FECHA Y HORA DE LA ÚLTIMA TRANSACCIÓN
campo de control 20230906152104.0
007 - CAMPO FIJO DE DESCRIPCIÓN FÍSICA--INFORMACIÓN GENERAL
campo de control de longitud fija t|
008 - DATOS DE LONGITUD FIJA--INFORMACIÓN GENERAL
campo de control de longitud fija 020806s2001 sp ||||1| spa d
020 ## - NÚMERO INTERNACIONAL ESTÁNDAR DEL LIBRO
Número Internacional Estándar del Libro 84-8307-422-2
080 ## - NÚMERO DE LA CLASIFICACIÓN DECIMAL UNIVERSAL
Número de la Clasificación Decimal Universal 913(581)
100 1# - ENTRADA PRINCIPAL--NOMBRE DE PERSONA
Nombre de persona Elliot, Jason.
9 (RLIN) 47037
245 14 - MENCIÓN DEL TÍTULO
Título Una luz inesperada
Resto del título : viajes por Afganistán /
Mención de responsabilidad, etc. Jason Elliot ; traducción de Carme Camps e Inma Gutiérrez.
250 ## - MENCION DE EDICION
Mención de edición 1ª ed.
260 ## - PUBLICACIÓN, DISTRIBUCIÓN, ETC.
Lugar de publicación, distribución, etc. Barcelona :
Nombre del editor, distribuidor, etc. Península,
Fecha de publicación, distribución, etc. 2001.
300 ## - DESCRIPCIÓN FÍSICA
Extensión 526 p. :
Otras características físicas mapa ;
Dimensiones 23 cm.
490 1# - MENCIÓN DE SERIE
Mención de serie Altaïr viajes ;
Designación de volumen o secuencia 38
651 #4 - PUNTO DE ACCESO ADICIONAL DE MATERIA--NOMBRE GEOGRÁFICO
Nombre geográfico Afganistán-
Subdivisión general Descripción.
9 (RLIN) 7590
700 1# - ENTRADA AGREGADA--NOMBRE PERSONAL
Nombre de persona Camps, Carmen.
9 (RLIN) 34310
700 1# - ENTRADA AGREGADA--NOMBRE PERSONAL
Nombre de persona Gutiérrez, Inma.
9 (RLIN) 61057
740 0# - ENTRADA AGREGADA--TÍTULO RELACIONADO/ANALÍTICO NO CONTROLADO
Título relacionado o analítico no controlado Viajes por Afganistán.
830 0# - PUNTO DE ACCESO ADICIONAL DE SERIE-TÍTULO UNIFORME
Título uniforme Altaïr viajes ;
Designación de volumen o secuencia 38
9 (RLIN) 180603
852 ## - LOCALIZACIÓN
Ubicación ES-MaACL
Número de control de estantería L-25826
Sublocalización o colección R.131536
Holdings
Estatus retirado Estado de pérdida Estado de daño No para préstamo Biblioteca de origen Biblioteca actual Ubicación en estantería Fecha de adquisición Fuente de adquisición Total de préstamos Signatura topográfica completa Código de barras Visto por última vez Precio de reemplazo Tipo de ítem Koha
        Biblioteca del Ateneo de Madrid Biblioteca del Ateneo de Madrid Depósito 2 17/01/2008     L-25826 1019849 23/02/2023 23/02/2023 Libro impreso